Relativistic Quantum Mechanics: (Record no. 8673)

MARC details
000 -LEADER
fixed length control field 00650nam a22001937a 4500
003 - CONTROL NUMBER IDENTIFIER
control field OSt
005 - DATE AND TIME OF LATEST TRANSACTION
control field 20240620152531.0
008 - FIXED-LENGTH DATA ELEMENTS--GENERAL INFORMATION
fixed length control field 240620b |||||||| |||| 00| 0 eng d
020 ## - INTERNATIONAL STANDARD BOOK NUMBER
International Standard Book Number 0521565839
040 ## - CATALOGING SOURCE
Original cataloging agency MUST
Transcribing agency MUST
082 ## - DEWEY DECIMAL CLASSIFICATION NUMBER
Classification number 530.12 STR 1998
Item number 19
100 ## - MAIN ENTRY--PERSONAL NAME
Personal name Strange Paul
9 (RLIN) 17539
245 ## - TITLE STATEMENT
Title Relativistic Quantum Mechanics:
Remainder of title With Applications in Condensed Matter and Atomic Physics/
Statement of responsibility, etc. Paul Strange,
260 ## - PUBLICATION, DISTRIBUTION, ETC. (IMPRINT)
Place of publication, distribution, etc. UK:
Name of publisher, distributor, etc. Cambridge University,
Date of publication, distribution, etc. 1998.
300 ## - PHYSICAL DESCRIPTION
Extent xvi,594,:
Other physical details ill,;
Dimensions 24.3cm.
504 ## - BIBLIOGRAPHY, ETC. NOTE
Bibliography, etc Includes Bibliographical Appendixes, references and Indexes.
650 ## - SUBJECT ADDED ENTRY--TOPICAL TERM
Source of heading or term Quantum Mechanics
Topical term or geographic name as entry element Physics
9 (RLIN) 809
942 ## - ADDED ENTRY ELEMENTS (KOHA)
Source of classification or shelving scheme Dewey Decimal Classification
Koha item type Open Shelf
Holdings
Withdrawn status Lost status Source of classification or shelving scheme Damaged status Not for loan Home library Current library Source of acquisition Inventory number Total Checkouts Full call number Barcode Date last seen Koha item type
    Dewey Decimal Classification     MUST Main Library MUST Main Library Purchase 05/24965   530.12 STR 1998 19 2024-20950 20/06/2024 Open Shelf
    Other/Generic Classification Scheme     MUST Main Library MUST Main Library Purchase 05/24966   530.12 STR 1998 19 2024-21005 21/06/2024 Open Shelf